书目信息 |
| 题名: |
变压器线圈制造
|
|
| 作者: | ;沈阳变压器研究所 编 | |
| 分册: | ||
| 出版信息: | 北京 机械工业出版社 1983 |
|
| 页数: | 397页 | |
| 开本: | 19cm | |
| 丛书名: | ||
| 单 册: | ||
| 中图分类: | TM403 | |
| 科图分类: | ||
| 主题词: | 变压器-线圈--制造 , 线圈-变压器--制造 | |
| 电子资源: | ||
| ISBN: | ||
| 000 | 00668nam0 2200241 45 | |
| 001 | 0183000104 | |
| 005 | 20060727165852.28 | |
| 010 | @dCNY1.60 | |
| 091 | @a15033.5406 | |
| 100 | @a19950209d1983 em y0chiy0121 ea | |
| 101 | 0 | @achi |
| 102 | @aCN@b110000 | |
| 105 | @ay z 000yy | |
| 200 | 10 | @a变压器线圈制造@Abian ya qi xian quan zhi zao@f沈阳变压器研究所编 |
| 210 | @a北京@c机械工业出版社@d1983 | |
| 215 | @a397页@d19cm | |
| 606 | @a变压器-线圈@x制造 | |
| 606 | @a线圈-变压器@x制造 | |
| 690 | @aTM403@v3 | |
| 711 | 02 | @a沈阳变压器研究所@Ashen yang bian ya qi yan jiu suo@4编 |
| 801 | 2 | @aCN@bNLC@c20060727 |
| 801 | 0 | @aCN@bTSSF |
| 905 | @a10447@dTM403@e22 | |
| 变压器线圈制造/沈阳变压器研究所编.-北京:机械工业出版社,1983 |
| 397页;19cm |
| ISBN :CNY1.60 |
| ● |
| 相关链接 |
|
|
|
|
正题名:变压器线圈制造
索取号:TM403/22
 
预约/预借
| 序号 | 登录号 | 条形码 | 馆藏地/架位号 | 状态 | 备注 |
| 1 | 0438860 | 204388607 | 密集书库/ [索取号:TM403/22] | 在馆 | |
| 2 | 0438861 | 204388616 | 密集书库/ [索取号:TM403/22] | 在馆 |